Clark, Domini (Record no. 85135)

MARC details
000 -LEADER
fixed length control field 00267nam a2200109Ia 4500
082 ## - DEWEY DECIMAL CLASSIFICATION NUMBER
Classification number J 968.05 CLAR
020 ## - INTERNATIONAL STANDARD BOOK NUMBER
International Standard Book Number 9780778796602"
008 - FIXED-LENGTH DATA ELEMENTS--GENERAL INFORMATION
fixed length control field 210816s9999 xx 000 0 und d
100 ## - MAIN ENTRY--PERSONAL NAME
Personal name South Africa the culture
9 (RLIN) 18889
245 #0 - TITLE STATEMENT
Title Clark, Domini
942 ## - ADDED ENTRY ELEMENTS
item type Books
Holdings
Withdrawn status Lost status Damaged status Not for loan Home library Current library Date acquired Cost, normal purchase price Total Checkouts Barcode Date last seen Price effective from item type
        Masoyi Masoyi 17.08.2021 68.00   33228023609199 17.08.2021 17.08.2021 Books